Представление документа в формате RUSMARC

ПолеНазваниеЗначение
  Тип записи c
  Библиографический уровень m
001 Контрольный номер RU/УОНБ/EK_N/322863028
005 Дата корректировки 20250520124825.4
010 Индекс ISBN __
9 Тираж 3000 экз.
013 Номер (ISMN) __
d Цена 69 к.
071 Издательские номер (звукозапись и ноты) 20
a Номер, присвоенный агентством 2614
100 Данные общей обработки __
a Данные общей обработки 20130619d1966 u y0rusy0103||||ca
101 Язык документа 0_
a Язык текста rus
a Язык текста ita
a Язык текста fre
a Язык текста eng
a Язык текста spa
f Язык титульного листа rus
102 Страна публикации __
a Страна публикации RU
125 Кодированные данные звукозаписи и нотных изданий __
a Форма изложения нотного текста с|
b Определитель литературного текста g
128 Кодированные данные (звукозаписи-физические характеристики) __
a Кодированные данные: Музыкальная форма и тональность или лад arn
a Кодированные данные: Музыкальная форма и тональность или лад li
c Инструменты или голоса, рекомендуемые для солистов (устаревшее) vb||
c Инструменты или голоса, рекомендуемые для солистов (устаревшее) ka||
200 Заглавие и сведения об ответственности 1_
a Заглавие Арии, романсы, песни
b Общее обозначение материала [Ноты]
e Сведения, относящиеся к заглавию из репертуара зарубежных певцов
e Сведения, относящиеся к заглавию для меццо-сопрано в сопровожд. фп.
f Первые сведения об ответственности сост. и пер. Б. А. Абрамович
210 Выходные данные 1_
a Место издания Москва
c Издательство Музыка
d Дата издания 1966
215 Физическое описание __
a Объем 55 с.
d Формат 29 см
300 Общие примечания __
a Общие примечания Текст на рус., итал., фр., испан., и англ. яз.
327 Примечание о содержании 11
a Примечание о содержании Содерж. : Доницетти Г. "Фаворитка" (Речитатив и ариозо Леоноры). - Бьянкини Г. Упорство. - Бизе Ж. "Джамиле" (Жалоба Джамиле ; Газелла Джамиле). - Массне Ж. "Дон Кихот" (Канцонетта Дульцинеи ; Хота Дульцинеи) ; Влюбленная. - Обрадорс Ф. Ты пронзил мне сердце ; О любви : старинные испанские классические песни. - Фалья де М. Твои черные глаза. - Гранадос А. Горюющая девушка ; Тонадилья. - Льеранс Т. На берегу. - Вольф Д. Ирис. - Сэндерсон В. Песнь любви. - д' Ардело Г. Когда услышу звук твоих шагов. - Хатце И. Серенада.
464 Аналитический уровень _0
1 2001
a Фаворитка
464 Аналитический уровень _0
1 2001
a Упорство
464 Аналитический уровень _0
1 2001
a Джамиле
464 Аналитический уровень _0
1 2001
a Дон Кихот
464 Аналитический уровень _0
1 2001
a Влюбленная
464 Аналитический уровень _0
1 2001
a Ты пронзил мне сердце
464 Аналитический уровень _0
1 2001
a О любви
464 Аналитический уровень _0
1 2001
a Старинные испанские классические песни
464 Аналитический уровень _0
1 2001
a Твои черные глаза
464 Аналитический уровень _0
1 2001
a Горюющая девушка
464 Аналитический уровень _0
1 2001
a Тонадилья
464 Аналитический уровень _0
1 2001
a На берегу
464 Аналитический уровень _0
1 2001
a Ирис
464 Аналитический уровень _0
1 2001
a Песнь любви
464 Аналитический уровень _0
1 2001
a Когда услышу звук твоих шагов
464 Аналитический уровень _0
1 2001
a Серенада
464 Аналитический уровень _0
1 700 1
a Доницетти
b Г.
g Гаэтано
464 Аналитический уровень _0
1 700 1
a Бьянкини
b Г.
464 Аналитический уровень _0
1 700 1
a Бизе
b Ж.
g Жорж
464 Аналитический уровень _0
1 700 1
a Массне
b Ж.
g Жюль
464 Аналитический уровень _0
1 700 1
a Обрадорс
b Ф.
464 Аналитический уровень _0
1 700 1
a Фалья
b М.
g Мануэль де
464 Аналитический уровень _0
1 700 1
a Гранадос
b А.
464 Аналитический уровень _0
1 700 1
a Льеранс
b Т.
464 Аналитический уровень _0
1 700 1
a Вольф
b Д.
464 Аналитический уровень _0
1 700 1
a Сэндерсон
b В.
464 Аналитический уровень _0
1 700 1
a д'Ардело
b Г.
464 Аналитический уровень _0
1 700 1
a Хатце
b И.
512 Заглавие обложки 1_
a Заглавие обложки Арии, романсы, песни
606 Тематические рубрики 0_
a Основная рубрика Вокальные произведения
x Основная подрубрика Романсы
x Основная подрубрика Арии
x Основная подрубрика Песни
610 Ключевые слова 0_
a Ключевые слова Меццо-сопрано
686 Индексы других классификаций __
a Классификационный индекс 85.943.2-42я43
2 Код системы rubbk
702 Вторичная интеллектуальная ответственность _1
a Фамилия Абрамович
b Имя (инициалы) Б. А.
g Полное личное имя Борис Александрович
4 Код отношения 220
702 Вторичная интеллектуальная ответственность _1
a Фамилия Абрамович
b Имя (инициалы) Б. А.
4 Код отношения 730
801 Источник записи _0
a Страна RU
b Организация Ульяновская государственная областная научная библиотека им.В.И.Ленина
c Дата составления 20011004
g Правила каталогизации PSBO
801 Источник записи _1
a Страна RU
b Организация Ульяновская государственная областная научная библиотека им.В.И.Ленина
c Дата составления 20011004
901 Тип документа __
t Тип документа m
909 Создатель записи __
a Создатель записи Зиновьева Г. А.
938 Служебная информация __
a Имя БД noti
b Имя библиотеки УОНБ
c Имя АИБС МАРК-SQL
d Номер DOC_ID в БД 4750